An easy guide to english grammer : (Record no. 5682)

MARC details
000 -LEADER
fixed length control field 00587 a2200169 4500
010 ## - LCCN (DPL NO)
LC control number ENG-86999
020 ## - INTERNATIONAL STANDARD BOOK NUMBER
Terms of availability 70.00
035 ## - SYSTEM CONTROL NUMBER
System control number EN-70532
037 ## - SOURCE OF ACQUISITION
Source of stock number/acquisition DBAD / PUB
082 14 - DEWEY DECIMAL CLASSIFICATION NUMBER
Classification number 425
100 1# - MAIN ENTRY--PERSONAL NAME
Personal name Appuraj, B.
245 1# - TITLE STATEMENT
Title An easy guide to english grammer :
Statement of responsibility, etc by B.Appuraj
Remainder of title innovative with Tamil explanations /
260 ## - PUBLICATION, DISTRIBUTION, ETC. (IMPRINT)
Place of publication, distribution, etc Arakkonam (Tamilnadu)
Name of publisher, distributor, etc Thannmathy Pathippagam
Date of publication, distribution, etc 2006
270 ## - ADDRESS
Address D-2/6, Ramco Staff Quarters, Winterpet
City Arakkonam
Postal code 631 005
Telephone number 04177-226601, 9443800276
State or province Tamilnadu
300 ## - PHYSICAL DESCRIPTION
Extent V. II (181p)
Dimensions 21 cm (Pbk)
942 ## - ADDED ENTRY ELEMENTS (KOHA)
Institution code [OBSOLETE] dpl
Item type English Books
Source of classification or shelving scheme Dewey Decimal Classification
Classification part 425
Call number suffix APP
Holdings
Withdrawn status Lost status Not for loan Collection code Home library Current library Source of acquisition Cost, normal purchase price Full call number Barcode Copy number Cost, replacement price Koha item type
    Not For Loan Non-fiction D.B.Act.Division D.B.Act.Division DBAD/PUB 70.00 425 APP EN-70532 1 70.00 English Books

© Delhi Public Library
Hit Counter
free hit counter